000 01333nam a2200265Ia 4500
003 PE SENCICO BE
005 20251020182426.0
008 200515s9999 xx 000 0 und d
020 _a978-84-9704-367-0
040 _aPE SENCICO BE
_cPE SENCICO BE
041 _aspa
082 _a025.47
_bG48
100 1 _aGil Leiva, Isidoro
_92238
_eautor
245 1 0 _aManual de indización :
_bteoría y práctica /
_cIsidoro Gil Leiva
260 _aGijon :
_bTrea ;
_c2008
300 _a429 p. :
_bil., tbl., graf. ;
_c24 cm.
490 _aBiblioteconomía y Administración Cultural ;
_v193
505 0 _aEl proceso cognitivo y la indización -- La indización -- Herramientas para la indización -- Práctica de la indización -- Indización automática -- Evaluación de la indización
520 3 _aSe explica la interconexión entre el proceso cognitivo y la indización, las cualidades, las normas, la relación con la recuperación o la presencia de la indización en internet o las herramientas habituales con las que trabajan los indizadores; se desmenuza el proceso de la indización tanto en lenguaje natural como en lenguaje controlado.
650 1 0 _aBibliotecología
_92217
650 2 0 _aIndización
_92234
650 2 0 _aProcesos técnicos (Bibliotecas)
_92218
650 2 0 _aAutomatización
_9243
942 _cLIB
_2ddc
999 _c106
_d106